| 000 | 00649nam a22002177a 4500 | ||
|---|---|---|---|
| 003 | OSt | ||
| 005 | 20220610120806.0 | ||
| 008 | 190218b xxu||||| |||| 00| 0 spa d | ||
| 020 | _a2-7087-0413-3 | ||
| 040 | _cBiblioteca Ernesto Sábato | ||
| 092 |
_a896 _bS252 _eJRR |
||
| 100 | _aSassine, Williams | ||
| 245 | _aL'Alphabête | ||
| 260 |
_aParís _bPrésence Africaine _c1982 |
||
| 300 | _a157 p. : il | ||
| 440 | _aJeunesse | ||
| 650 | _aLITERATURA AFRICANA-NOVELA | ||
| 650 | _a/JRR/ | ||
| 942 |
_2ddc _cJRR |
||
| 999 |
_c33478 _d33478 |
||
| 773 | 0 |
_028720 _927950 _a _b _dNew York _o06100 _tThe NEW milton cross, complete stories of the great operas _w( AR-FADEU) 023027 _x _z |
|